Представление документа в формате RUSMARC

ПолеНазваниеЗначение
  Тип записи a
  Библиографический уровень a
001 Контрольный номер 386e02ea6399420393722056cea9623b
005 Дата корректировки 20260121093254.8
100 Данные общей обработки __
a Данные общей обработки 20260121a2025####|||y0rusy0189 ca
101 Язык документа 0_
a Язык текста rus
102 Страна публикации __
a Страна публикации RU
200 Заглавие и сведения об ответственности 1_
a Заглавие Зимние сюжеты
e Сведения, относящиеся к заглавию [мастер-класс по вышивке крестом ёлочного шара - снегиря на ветке, и зимних миниатюр]
f Первые сведения об ответственности О. Сотникова
461 Уровень набора _0
1 2000
a Славянка
463 Уровень физической единицы _0
1 2000
a № 6 (ноябрь-декабрь)
v С. 108-111 : фот.
1 2101
d 2025
1 001RU/REG73/CBS_GRAD/68b1381f34b447569aca3e7955223dfd
606 Тематические рубрики 0_
a Основная рубрика Вышивание
610 Ключевые слова 0_
a Ключевые слова вышивание, вышивка крестом, вышивка крестиком, мастер-классы, зимние миниатюры, ёлочные шары, снегири, церкви
686 Индексы других классификаций __
a Классификационный индекс 37.248.2
700 Автор _1
a Фамилия Сотникова
b Имя (инициалы) О.
g Полное личное имя Ольга
801 Источник записи _0
a Страна RU
b Организация RuCBSGrad
c Дата составления 20260121
g Правила каталогизации RCR
801 Источник записи _1
a Страна RU
b Организация RuCBSGrad
c Дата составления 20260121
g Правила каталогизации RCR
852 Данные о местонахождении __
a Наименование организации МБУК ЦБС г. Димитровграда
901 Тип документа __
t Тип документа b
w Контрольный № источника RU/REG73/CBS_GRAD/68b1381f34b447569aca3e7955223dfd
909 Создатель записи __
a Создатель записи Тенигина
b Дата создания записи 20260121